Fußballspieler von A-Z - Statistiken

Allgemein
  • Dieses Quiz wurde 4.620 mal gespielt
  • Das Durchschnittsergebnis liegt bei 18 aus 26
Antwortstatistiken
Verein Nationalität Position Fußballspieler % Korrekt
Bayern München Frankreich Linker Flügel Kingsley Coman
91%
FC Barcelona Niederlande Zentrales Mittelfeld Frenkie de Jong
89%
FC Arsenal Gabun Mittelstürmer Pierre-Emerick Aubameyang
87%
Real Madrid Belgien Linker Flügel Eden Hazard
83%
Paris Saint-Germain Frankreich Mittelstürmer Kylian Mbappé
81%
FC Liverpool Brasilien Mittelstürmer Roberto Firmino
80%
Inter Mailand Dänemark Offensives Mittelfeld Christian Eriksen
79%
FC Chelsea Frankreich Defensives Mittelfeld Ngolo Kanté
79%
Atletico Madrid Slowenien Torwart Jan Oblak
78%
Inter Mailand Belgien Mittelstürmer Romelu Lukaku
78%
Real Madrid Serbien Mittelstürmer Luka Jovic
74%
FC Liverpool Schottland Linksverteidiger Andrew Robertson
73%
RB Leipzig Deutschland Mitelstürmer Timo Werner
69%
Paris Saint-Germain Argentinien Mittelstürmer Mauro Icardi
68%
Paris Saint-Germain Italien Zentrales Mittelfeld Marco Veratti
67%
Bayern München Spanien Zentrales Mittelfeld Thiago
66%
FC Arsenal Schweiz Defensives Mittelfeld Granit Xhaka
65%
Manchester City England Linker Flügel Raheem Sterling
65%
FC Barcelona Frankreich Hängende Spitze Antoine Griezmann
64%
Borussia Dortmund Deutschland Zentrales Mittelfeld Julian Brandt
61%
FC Barcelona Frankreich Innenverteidiger Samuel Umtiti
60%
Juventus Turin Bosnien & Herzegowina Zentrales Mittelfeld Miralem Pjanic
59%
Borussia Mönchengladbach Schweiz Defensives Mittelfeld Denis Zakaria
49%
1. FSV Mainz 05 Schweden Mittelstürmer Robin Quaison
33%
SSC Neapel Deutschland Linker Flügel Amin Younes
32%
Atletico Madrid Spanien Zentrales Mittelfeld Saul Niguez
26%
Keine übereinstimmenden Quizze gefunden
Verteilung der Resultate
Anzahl Personen mit jedem Resultat
Perzentil nach korrekt beantworteten Fragen
Ihre Resultats-Entwicklung
Sie haben dieses Quiz noch nicht gespielt